[Event "Chigorin Memorial 23rd"]
[Site "St Petersburg"]
[Date "2015.10.03"]
[Round "1"]
[White "Keadana, Amir"]
[Black "Larin, Maxim"]
[Result "0-1"]
[WhiteElo "1730"]
[BlackElo "2199"]
[PlyCount "148"]
[EventDate "2015.10.03"]
[EventType "swiss"]
[EventRounds "9"]
[EventCountry "RUS"]
[SourceTitle "CBM 168 Extra"]
[Source "ChessBase"]
[SourceDate "2015.10.29"]
[SourceVersion "1"]
[SourceVersionDate "2015.10.29"]
[SourceQuality "1"]

1. e4 c5 2. b3 Nc6 3. Bb5 Nf6 4. Bxc6 dxc6 5. d3 Bg4 6. Ne2 Bxe2 7. Qxe2 Qd4 8. c3 Qd7 9. Be3 e5 10. Na3 Rd8 11. Rd1 Be7 12. 0-0 0-0 13. h3 Qe6 14. f4 exf4 15. Rxf4 Bd6 16. Rf5 Nd5 17. Rdf1 Nxc3 18. Qf2 b5 19. Qd2 g6 20. Bh6 gxf5 21. Rxf5 Nxe4 22. dxe4 Qxf5 23. exf5 Bh2+ 24. Kxh2 Rxd2 25. Bxd2 Rd8 26. Nb1 Rd5 27. g4 Rd3 28. h4 c4 29. bxc4 bxc4 30. Kg2 Kf8 31. Bh6+ Ke7 32. Bg7 f6 33. g5 fxg5 34. hxg5 Rd5 35. Kg3 Rxf5 36. Kg4 Rf2 37. Nc3 Ke6 38. Kg3 Rc2 39. Kf4 a5 40. a4 Rh2 41. Kg3 Rh1 42. Kg4 Rg1+ 43. Kf4 Rf1+ 44. Kg4 Kf7 45. Bd4 Kg6 46. Be3 Re1 47. Bd4 c5 48. Bf6 h6 49. Bd8 hxg5 50. Bxa5 Rg1+ 51. Kf3 Ra1 52. Kg4 Ra3 53. Ne4 Rxa4 54. Bc3 Ra3 55. Bf6 Re3 56. Nc3 Re1 57. Bh8 Rg1+ 58. Kf3 Kf5 59. Kf2 Rh1 60. Bg7 Rh3 61. Kg2 Rd3 62. Kf2 g4 63. Ne2 Rf3+ 64. Kg2 Ke4 65. Nc1 c3 66. Bh6 c2 67. Bd2 Rb3 68. Bh6 Rb1 69. Bd2 Rxc1 70. Bxc1 Kd3 71. Kf2 c4 72. Ke1 g3 73. Ba3 g2 74. Kf2 Kd2 0-1

[Event "St Petersburg Botvinnik Memorial op"]
[Site "St Petersburg"]
[Date "2012.09.02"]
[Round "9"]
[White "Smirnov, Alexey1111"]
[Black "Larin, Maxim"]
[Result "1-0"]
[WhiteElo "2416"]
[BlackElo "2131"]
[PlyCount "47"]
[EventDate "2012.08.25"]
[EventType "swiss"]
[EventRounds "9"]
[EventCountry "RUS"]
[SourceTitle "CBM 150 Extra"]
[Source "ChessBase"]
[SourceDate "2012.10.19"]
[SourceVersion "1"]
[SourceVersionDate "2012.10.19"]
[SourceQuality "1"]

1. d4 Nf6 2. c4 c5 3. d5 e6 4. Nc3 exd5 5. cxd5 d6 6. e4 g6 7. Nf3 Bg7 8. Nd2 0-0 9. Be2 Nbd7 10. 0-0 Ne5 11. f4 Neg4 12. Nc4 b5 13. Nxb5 Nxh2 14. Kxh2 Nxe4 15. g3 Qd7 16. f5 gxf5 17. Nc3 f4 18. g4 Bxc3 19. Rxf4 Qe7 20. Qd3 Be5 21. Nxe5 dxe5 22. Rxe4 f5 23. gxf5 Bxf5 24. Qg3+ 1-0

[Event "St Petersburg Botvinnik Memorial op"]
[Site "St Petersburg"]
[Date "2012.08.29"]
[Round "5"]
[White "Polyaninov, Aleksey Vladimirovi"]
[Black "Larin, Maxim"]
[Result "1-0"]
[WhiteElo "2316"]
[BlackElo "2131"]
[PlyCount "151"]
[EventDate "2012.08.25"]
[EventType "swiss"]
[EventRounds "9"]
[EventCountry "RUS"]
[SourceTitle "CBM 150 Extra"]
[Source "ChessBase"]
[SourceDate "2012.10.19"]
[SourceVersion "1"]
[SourceVersionDate "2012.10.19"]
[SourceQuality "1"]

1. Nf3 Nf6 2. d4 c5 3. d5 e6 4. Nc3 exd5 5. Nxd5 Nxd5 6. Qxd5 Be7 7. e4 0-0 8. Bc4 d6 9. 0-0 Nd7 10. Qd3 Nb6 11. Bb3 Be6 12. Bxe6 fxe6 13. a4 a5 14. Re1 Bf6 15. e5 dxe5 16. Qb5 Qc7 17. Bd2 Nd5 18. Re4 b6 19. Rae1 Qf7 20. Bc3 Rad8 21. Qf1 Nxc3 22. bxc3 Rd6 23. h3 h6 24. Rd1 Rd5 25. Rb1 Qc7 26. Qe2 g6 27. Re1 Qf7 28. Rb1 Qc7 29. Re1 Qf7 30. Nd2 Bd8 31. Nc4 Bc7 32. Ne3 Kh7 33. Nxd5 exd5 34. Re3 e4 35. c4 Bf4 36. Rb3 e3 37. fxe3 dxc4 38. Rxb6 Bc7 39. Rb7 Bh2+ 40. Kxh2 Qxb7 41. e4 Qf7 42. e5 Qf4+ 43. Kh1 Qd4 44. Rd1 Qf4 45. e6 Re8 46. e7 Qf6 47. Re1 Kg7 48. Qe4 c3 49. Re2 Qf5 50. Qe3 Qf6 51. Kh2 Qd6+ 52. g3 Qd4 53. Qe6 Qf6 54. Qd7 Qf3 55. Qe6 Qf6 56. Qe4 h5 57. h4 Qd4 58. Qc6 Kf7 59. Qe6+ Kg7 60. Qc6 Kf7 61. Qe6+ Kg7 62. Kg2 Qf6 63. Qd7 Qa6 64. Re6 Qa8+ 65. Rc6 Kh6 66. Qe6 Rg8 67. Kh2 Qe8 68. Rxc5 Kh7 69. Rxa5 Rg7 70. Re5 Rf7 71. Re2 Kg7 72. a5 Rf6 73. Qe5 Kf7 74. Qxc3 Rf5 75. Qc4+ Kg7 76. a6 1-0

[Event "St Petersburg Botvinnik Memorial op"]
[Site "St Petersburg"]
[Date "2012.08.25"]
[Round "1"]
[White "Yakovich, Yuri"]
[Black "Larin, Maxim"]
[Result "1/2-1/2"]
[WhiteElo "2525"]
[BlackElo "2131"]
[PlyCount "66"]
[EventDate "2012.08.25"]
[EventType "swiss"]
[EventRounds "9"]
[EventCountry "RUS"]
[SourceTitle "CBM 150 Extra"]
[Source "ChessBase"]
[SourceDate "2012.10.19"]
[SourceVersion "1"]
[SourceVersionDate "2012.10.19"]
[SourceQuality "1"]

1. c4 g6 2. d4 Nf6 3. Nc3 c5 4. Nf3 Bg7 5. e4 0-0 6. Be2 cxd4 7. Nxd4 Nc6 8. Be3 d6 9. 0-0 Nxd4 10. Bxd4 Be6 11. f4 Rc8 12. b3 Qa5 13. Rc1 Rfe8 14. Kh1 a6 15. Qd3 Bg4 16. e5 Bf5 17. Qe3 Nd7 18. exd6 exd6 19. Qf2 Bxd4 20. Qxd4 d5 21. Bf3 dxc4 22. bxc4 Qc5 23. Qd2 Nb6 24. Nd5 Nxd5 25. cxd5 Qd6 26. h3 h5 27. Qd4 Rcd8 28. Rfe1 Rxe1+ 29. Rxe1 Rc8 30. Qe3 Rd8 31. Qd4 Rc8 32. Qe3 Rd8 33. Qd4 Rc8 1/2-1/2

[Event "Sibiria Region-ch"]
[Site "Barnaul"]
[Date "2011.05.28"]
[Round "9"]
[White "Kuznetsov, Evgeny"]
[Black "Larin, Maxim"]
[Result "1-0"]
[WhiteElo "2180"]
[BlackElo "1982"]
[PlyCount "53"]
[EventDate "2011.05.20"]
[EventType "swiss"]
[EventRounds "9"]
[EventCountry "RUS"]
[SourceTitle "EXT 2012"]
[Source "ChessBase"]
[SourceDate "2011.11.24"]
[SourceVersion "1"]
[SourceVersionDate "2011.11.24"]
[SourceQuality "1"]

1. Nf3 g6 2. d4 Bg7 3. c4 Nf6 4. Nc3 c5 5. d5 0-0 6. e4 d6 7. Be2 e6 8. 0-0 exd5 9. cxd5 Nbd7 10. Bf4 Qe7 11. h3 Nxe4 12. Nxe4 Qxe4 13. Bxd6 Re8 14. Re1 Qb4 15. Bb5 Rxe1+ 16. Qxe1 Ne5 17. Bxe5 Qxb5 18. Bxg7 Kxg7 19. Qe5+ Kg8 20. a4 Qb6 21. Qe8+ Kg7 22. Re1 Qf6 23. a5 a6 24. Re3 b5 25. axb6 Bb7 26. Qd7 Qxb6 27. Re7 1-0

[Event "Sibiria Region-ch"]
[Site "Barnaul"]
[Date "2011.05.20"]
[Round "1"]
[White "Dzhumagaliev, Yan"]
[Black "Larin, Maxim"]
[Result "1-0"]
[WhiteElo "2389"]
[BlackElo "1982"]
[PlyCount "101"]
[EventDate "2011.05.20"]
[EventType "swiss"]
[EventRounds "9"]
[EventCountry "RUS"]
[SourceTitle "EXT 2012"]
[Source "ChessBase"]
[SourceDate "2011.11.24"]
[SourceVersion "1"]
[SourceVersionDate "2011.11.24"]
[SourceQuality "1"]

1. d4 Nf6 2. c4 c5 3. d5 e6 4. Nc3 exd5 5. cxd5 d6 6. Nf3 g6 7. Bf4 Bg7 8. Qa4+ Bd7 9. Qb3 Qc7 10. e3 0-0 11. Be2 a6 12. a4 Bg4 13. Nd2 Bxe2 14. Kxe2 Nh5 15. Bg5 f5 16. f3 Nd7 17. Nc4 Rae8 18. Rad1 Ne5 19. Qb6 Qxb6 20. Nxb6 h6 21. Bh4 g5 22. Bf2 Nf4+ 23. exf4 Nc4+ 24. Kd3 Nxb6 25. Bg3 Bxc3 26. Kxc3 Re3+ 27. Kc2 g4 28. a5 Re2+ 29. Kb3 Nd7 30. fxg4 fxg4 31. Rhe1 Rfe8 32. Rxe2 Rxe2 33. Re1 Rxe1 34. Bxe1 Kf7 35. Bg3 b5 36. axb6 Nxb6 37. f5 Nc8 38. Ka4 Kf6 39. Bh4+ Kxf5 40. Ka5 Ke5 41. Kxa6 Kxd5 42. Kb7 Ke5 43. Kxc8 d5 44. Kd7 d4 45. Kc6 c4 46. Be1 Ke4 47. Kc5 c3 48. bxc3 dxc3 49. Bxc3 Ke3 50. g3 Kf3 51. Bf6 1-0

[Event "Moscow op-E"]
[Site "Moscow"]
[Date "2011.02.01"]
[Round "4.102"]
[White "Bronnikov, Konstantin"]
[Black "Larin, Maxim"]
[Result "1-0"]
[WhiteElo "2265"]
[BlackElo "1950"]
[PlyCount "47"]
[EventDate "2011.01.29"]
[EventType "swiss"]
[EventRounds "9"]
[EventCountry "RUS"]
[SourceTitle "EXT 2022"]
[Source "ChessBase"]
[SourceDate "2021.10.06"]
[SourceVersion "1"]
[SourceVersionDate "2021.10.06"]
[SourceQuality "1"]

1. e4 c5 2. Nf3 d6 3. d4 cxd4 4. Nxd4 Nf6 5. Nc3 g6 6. Be3 Bg7 7. f3 0-0 8. Qd2 Nc6 9. 0-0-0 Nxd4 10. Bxd4 Be6 11. Nd5 Bxd5 12. exd5 Ne8 13. Bxg7 Nxg7 14. h4 Qe8 15. Kb1 Rc8 16. g4 f5 17. h5 fxg4 18. hxg6 Rxf3 19. Bd3 Nf5 20. gxh7+ Kh8 21. Bxf5 Rxf5 22. Qd4+ Re5 23. Qxg4 Rc5 24. Rdg1 1-0

[Event "Moscow op-E"]
[Site "Moscow"]
[Date "2011.01.29"]
[Round "1.109"]
[White "Larin, Maxim"]
[Black "Zolotukhin, Valery"]
[Result "0-1"]
[WhiteElo "1950"]
[BlackElo "2348"]
[PlyCount "84"]
[EventDate "2011.01.29"]
[EventType "swiss"]
[EventRounds "9"]
[EventCountry "RUS"]
[SourceTitle "EXT 2022"]
[Source "ChessBase"]
[SourceDate "2021.10.06"]
[SourceVersion "1"]
[SourceVersionDate "2021.10.06"]
[SourceQuality "1"]

1. e4 c5 2. Nc3 Nc6 3. g3 g6 4. Bg2 Bg7 5. d3 Rb8 6. Be3 b5 7. Qd2 b4 8. Nd1 d6 9. Ne2 Nd4 10. Nc1 e5 11. c3 bxc3 12. bxc3 Ne6 13. 0-0 Ne7 14. Bh6 0-0 15. Bxg7 Kxg7 16. Ne2 f5 17. f4 Ba6 18. exf5 Nxf5 19. Ne3 Nxe3 20. Qxe3 Qc7 21. Bh3 Rbe8 22. f5 gxf5 23. Bxf5 Qe7 24. Rae1 Bb7 25. c4 Qg5 26. Qf2 Kh8 27. h4 Qg7 28. Qe3 Nd4 29. Nxd4 cxd4 30. Qg5 Qxg5 31. hxg5 Rg8 32. Rb1 Re7 33. Be6 Rxg5 34. Rf6 Rxg3+ 35. Kh2 Rg2+ 36. Kh3 Rg6 37. Rf7 Bg2+ 38. Kh2 Rexe6 39. Rg1 Bc6 40. Rxg6 hxg6 41. Rc7 Bf3 42. Kg3 Be2 0-1

[Event "Berdsk Maestro op 16th"]
[Site "Berdsk"]
[Date "2010.07.14"]
[Round "7"]
[White "Larin, Maxim"]
[Black "Chigaev, Maksim"]
[Result "0-1"]
[WhiteElo "1897"]
[BlackElo "2223"]
[PlyCount "102"]
[EventDate "2010.07.08"]
[EventType "swiss"]
[EventRounds "9"]
[EventCountry "RUS"]
[SourceTitle "EXT 2011"]
[Source "ChessBase"]
[SourceDate "2010.11.26"]
[SourceVersion "1"]
[SourceVersionDate "2010.11.26"]
[SourceQuality "1"]

1. e4 c5 2. Nc3 Nc6 3. g3 g6 4. Bg2 Bg7 5. d3 d6 6. Be3 Rb8 7. Qd2 b5 8. a3 a5 9. Nge2 b4 10. axb4 axb4 11. Nd1 Nd4 12. 0-0 e5 13. Nc1 Ne7 14. c3 bxc3 15. bxc3 Ne6 16. Bh6 0-0 17. Bxg7 Kxg7 18. f4 exf4 19. gxf4 f5 20. Ne2 Qb6 21. Ne3 Qb2 22. Qe1 Qb5 23. Ra7 Rb7 24. Rxb7 Bxb7 25. c4 Qb2 26. Qa1 Qxa1 27. Rxa1 fxe4 28. dxe4 Nc6 29. f5 Ned4 30. Ng3 Ne5 31. Ra2 Bc6 32. h3 Rf7 33. Rf2 Ra7 34. Ng4 Nxg4 35. hxg4 Ra4 36. e5 dxe5 37. Bxc6 Nxc6 38. f6+ Kf8 39. Rc2 Nd4 40. Rb2 Rxc4 41. Rb8+ Kf7 42. Rb7+ Kxf6 43. Ne4+ Ke6 44. Ng5+ Kd6 45. Nf7+ Kc6 46. Nxe5+ Kxb7 47. Nxc4 Kc6 48. Kf2 Kd5 49. Nb6+ Ke4 50. Kg3 Ne6 51. Kh4 Kf4 0-1

[Event "Berdsk Maestro op 16th"]
[Site "Berdsk"]
[Date "2010.07.08"]
[Round "1"]
[White "Khegay, Dmitriy"]
[Black "Larin, Maxim"]
[Result "1-0"]
[WhiteElo "2148"]
[BlackElo "1897"]
[PlyCount "41"]
[EventDate "2010.07.08"]
[EventType "swiss"]
[EventRounds "9"]
[EventCountry "RUS"]
[SourceTitle "EXT 2011"]
[Source "ChessBase"]
[SourceDate "2010.11.26"]
[SourceVersion "1"]
[SourceVersionDate "2010.11.26"]
[SourceQuality "1"]

1. e4 c5 2. Nf3 d6 3. Bc4 Nc6 4. 0-0 g6 5. c3 Bg7 6. d4 cxd4 7. cxd4 Nf6 8. e5 dxe5 9. Nxe5 0-0 10. Nxc6 bxc6 11. Nc3 Nd5 12. Bb3 Ba6 13. Re1 Nb4 14. Bg5 Qxd4 15. Re4 Qxd1+ 16. Rxd1 Nd3 17. Rxe7 h6 18. Be3 Nxb2 19. Rdd7 Bxc3 20. Bxf7+ Kh8 21. Be6 1-0